Memoria estadística del Sanatorio Psiquiátrico de Nuestra Señora de Montserrat : (San Baudilio de Llobregat) : año 1960 (San Baudilio de Llobregat) :
Publicado:
[s.l., s.n :
1960
Descripción Física:
16 p. : il., 1 f. pleg. ; 25 cm
MARC
| LEADER | 00000nam a2200000Ia 4500 | ||
|---|---|---|---|
| 001 | 6164 | ||
| 008 | 160829s1960?] xx 000 0 cat d | ||
| 080 | |a FU-5-65 | ||
| 100 | |a Sanatori Psiquiàtric Nostra Senyora de Montserrat (Sant Boi de Llobregat) |9 25331 | ||
| 245 | |a Memoria estadística del Sanatorio Psiquiátrico de Nuestra Señora de Montserrat : |b (San Baudilio de Llobregat) : |b año 1960 | ||
| 260 | |a [s.l., s.n., |c 1960?] | ||
| 300 | |a 16 p. : |b il., 1 f. pleg. ; |c 25 cm | ||
| 650 | |a Sanatori Psiquiàtric Nostra Senyora de Montserrat (Sant Boi de Llobregat) |x Memòries |9 25332 | ||
| 901 | |a Arxiu | ||
| 942 | |n 1 | ||
| 952 | |0 0 |1 0 |4 0 |6 FU565 |7 1 |9 43563 |a Arxiu |b Arxiu |d 2016-12-01 |l 0 |o FU-5-65 |p 6164 |r 2016-12-01 00:00:00 |w 2016-12-01 |y ARXIU | ||
| 999 | |c 46110 |d 46110 | ||